<?xml version="1.0" encoding="UTF-8"?>
<collection xmlns="http://www.loc.gov/MARC21/slim">
 <record>
  <leader>     na                 </leader>
  <controlfield tag="001">INLIS000000001117020</controlfield>
  <controlfield tag="005">20240129015820</controlfield>
  <datafield tag="035" ind1=" " ind2=" ">
   <subfield code="a">0010-0124000074</subfield>
  </datafield>
  <controlfield tag="003">CB        D.0920200</controlfield>
  <controlfield tag="006">a    g      000 f</controlfield>
  <controlfield tag="007">ta</controlfield>
  <controlfield tag="008">240129                g          f ind  </controlfield>
  <datafield tag="040" ind1=" " ind2=" ">
   <subfield code="a">JKPNPNA</subfield>
   <subfield code="b">ind</subfield>
   <subfield code="c">JBPUPMDM</subfield>
   <subfield code="e">rda</subfield>
  </datafield>
  <datafield tag="100" ind1="0" ind2=" ">
   <subfield code="a">Jeong, You-Jeong</subfield>
   <subfield code="e">Pengarang</subfield>
   <subfield code="e">Jeong, You-Jeong</subfield>
   <subfield code="e">Pengarang</subfield>
   <subfield code="e">Jeong, You-Jeong</subfield>
   <subfield code="e">Pengarang</subfield>
   <subfield code="e">Jeong, You-Jeong</subfield>
   <subfield code="e">Pengarang</subfield>
   <subfield code="e">Pengarang</subfield>
   <subfield code="e">Jeong, You-Jeong</subfield>
   <subfield code="e">Pengarang</subfield>
   <subfield code="e">Jeong, You-Jeong</subfield>
   <subfield code="e">Pengarang</subfield>
   <subfield code="e">Jeong, You-Jeong</subfield>
   <subfield code="e">Pengarang</subfield>
   <subfield code="e">Jeong, You-Jeong</subfield>
   <subfield code="e">Pengarang</subfield>
   <subfield code="e">Pengarang</subfield>
  </datafield>
  <datafield tag="245" ind1="1" ind2=" ">
   <subfield code="a">7 tahun kegelapan /</subfield>
   <subfield code="c">Jeong You-Jeong ; alih bahasa, Lingliana</subfield>
  </datafield>
  <datafield tag="300" ind1=" " ind2=" ">
   <subfield code="a">556 halaman ;</subfield>
   <subfield code="c">20 cm</subfield>
  </datafield>
  <datafield tag="020" ind1=" " ind2=" ">
   <subfield code="a">978-602-064-660-2</subfield>
  </datafield>
  <datafield tag="020" ind1=" " ind2=" ">
   <subfield code="a">978-602-064-661-9 (DI GITAL</subfield>
  </datafield>
  <datafield tag="082" ind1=" " ind2=" ">
   <subfield code="a">895.73</subfield>
  </datafield>
  <datafield tag="084" ind1=" " ind2=" ">
   <subfield code="a">895.73 JEO t</subfield>
  </datafield>
  <datafield tag="090" ind1=" " ind2=" ">
   <subfield code="a">CB-D.09 2020-046672</subfield>
  </datafield>
  <datafield tag="264" ind1=" " ind2=" ">
   <subfield code="a">Jakarta :</subfield>
   <subfield code="b">Gramedia Pustaka Utama,</subfield>
   <subfield code="c">2020</subfield>
  </datafield>
  <datafield tag="336" ind1=" " ind2=" ">
   <subfield code="2">rdacontent</subfield>
   <subfield code="a">teks</subfield>
  </datafield>
  <datafield tag="337" ind1=" " ind2=" ">
   <subfield code="2">rdamedia</subfield>
   <subfield code="a">tanpa perantara</subfield>
  </datafield>
  <datafield tag="338" ind1=" " ind2=" ">
   <subfield code="2">rdacarrier</subfield>
   <subfield code="a">volume</subfield>
  </datafield>
  <datafield tag="500" ind1=" " ind2=" ">
   <subfield code="a">Teks dalam bahasa Indonesia diterjemahkan dari bahasa Korea</subfield>
  </datafield>
  <datafield tag="500" ind1=" " ind2=" ">
   <subfield code="a">Judul asli : 7 years of darkness</subfield>
  </datafield>
  <datafield tag="520" ind1=" " ind2=" ">
   <subfield code="a">Seorang anak perempuan ditemukan tewas di Danau Seryeong, waduk yang terkenal angker di sebuah desa terpencil di Korea. Ayah korban dan dua petugas keamanan waduk masing-masing menyimpan rahasia tentang malam kematian anak itu. Sementara polisi mulai melakukan pengusutan, ketiga pria tersebut juga berusaha menyelidiki apa yang sebenarnya terjadi tanpa membongkar rahasia gelap mereka sendiri. Setelah bentrokan terjadi di waduk yang mengakibatkan tragedi massal, salah satu petugas keamanan tersebut ditahan atas tuduhan pembunuhan. Selama tahun-tahun berikutnya, Choi Seo-won hidup di balik bayang-bayang kejahatan ayahnya yang mengejutkan. Ke mana pun ia pergi, seseorang selalu mencoba menguak identitasnya sebagai anak seorang pembunuh. Ketika suatu hari ia menerima paket yang konon akan mengungkap apa yang sebenarnya terjadi di Danau Seryeong, Seo-won menyadari bahwa permainan mengerikan yang dimulai tujuh tahun lalu belum berakhir.</subfield>
  </datafield>
  <datafield tag="650" ind1=" " ind2="4">
   <subfield code="a">Fiksi Korea (Bahasa Indonesia)</subfield>
  </datafield>
  <datafield tag="700" ind1="0" ind2=" ">
   <subfield code="a">Lingliana</subfield>
   <subfield code="e">alih bahasa</subfield>
  </datafield>
  <datafield tag="740" ind1=" " ind2=" ">
   <subfield code="a">7 years of darkness</subfield>
  </datafield>
  <datafield tag="850" ind1=" " ind2=" ">
   <subfield code="a">JBPUPMDM</subfield>
  </datafield>
  <datafield tag="856" ind1=" " ind2=" ">
   <subfield code="x">http://opac.perpusnas.go.id/uploaded_files/sampul_koleksi/original/Monograf/1395867.JPG?rnd=1924491039</subfield>
   <subfield code="y">http://opac.perpusnas.go.id/DetailOpac.aspx?id=1395867</subfield>
  </datafield>
  <datafield tag="990" ind1=" " ind2=" ">
   <subfield code="a">00236/PMDM/2023</subfield>
  </datafield>
  <datafield tag="990" ind1=" " ind2=" ">
   <subfield code="a">00237/PMDM/2023</subfield>
  </datafield>
  <datafield tag="990" ind1=" " ind2=" ">
   <subfield code="a">00238/PMDM/2023</subfield>
  </datafield>
 </record>
</collection>
<pre>An Error occurred while handling another error:
yii\web\HeadersAlreadySentException: Headers already sent in /var/www/html/inlislite3/common/components/MarcHelpers.php on line 193. in /var/www/html/inlislite3/vendor/yiisoft/yii2/web/Response.php:369
Stack trace:
#0 /var/www/html/inlislite3/vendor/yiisoft/yii2/web/Response.php(342): yii\web\Response-&gt;sendHeaders()
#1 /var/www/html/inlislite3/vendor/yiisoft/yii2/web/ErrorHandler.php(136): yii\web\Response-&gt;send()
#2 /var/www/html/inlislite3/vendor/yiisoft/yii2/base/ErrorHandler.php(152): yii\web\ErrorHandler-&gt;renderException(Object(yii\web\HeadersAlreadySentException))
#3 [internal function]: yii\base\ErrorHandler-&gt;handleException(Object(yii\web\HeadersAlreadySentException))
#4 {main}
Previous exception:
yii\web\HeadersAlreadySentException: Headers already sent in /var/www/html/inlislite3/common/components/MarcHelpers.php on line 193. in /var/www/html/inlislite3/vendor/yiisoft/yii2/web/Response.php:369
Stack trace:
#0 /var/www/html/inlislite3/vendor/yiisoft/yii2/web/Response.php(342): yii\web\Response-&gt;sendHeaders()
#1 /var/www/html/inlislite3/vendor/yiisoft/yii2/base/Application.php(390): yii\web\Response-&gt;send()
#2 /var/www/html/inlislite3/opac/index.php(26): yii\base\Application-&gt;run()
#3 {main}</pre><br />
<b>Warning</b>:  file_put_contents(/var/www/html/inlislite3/opac/runtime/debug/6a05efd8836b1.data): failed to open stream: Permission denied in <b>/var/www/html/inlislite3/vendor/yiisoft/yii2-debug/src/LogTarget.php</b> on line <b>74</b><br />
